[Event "FICGS class F 000083 email"]
[Site "FICGS email"]
[Date "2010.03.23"]
[Round "1"]
[White "Quanter, Kirsty"]
[Black "Brennan, Ivan"]
[Result "1-0"]
[WhiteElo "1071"]
[BlackElo "1200"]
[PlyCount "69"]
[EventDate "2010.??.??"]
[EventType "tourn (corr)"]
[EventRounds "6"]
[SourceTitle "Corr 2013"]
[Source "ChessBase"]
[SourceDate "2012.11.12"]
[SourceVersion "1"]
[SourceVersionDate "2012.11.12"]
[SourceQuality "1"]

1. e4 e5 2. Nf3 Nc6 3. Bb5 d5 4. Bxc6+ Bd7 5. Bxd7+ Qxd7 6. Qe2 f6 7. d4 Bb4+ 8. c3 Ba5 9. dxe5 c5 10. e6 Qxe6 11. Qb5+ Qc6 12. Qxa5 dxe4 13. Nh4 b6 14. Qa6 g5 15. Nf5 Ne7 16. Nxe7 Kxe7 17. 0-0 Rad8 18. Qxa7+ Rd7 19. Qa3 Ra8 20. Qb3 c4 21. Qc2 Rd3 22. Re1 h6 23. f3 f5 24. Nd2 e3 25. Nf1 Re8 26. Bxe3 Kf6 27. b3 f4 28. bxc4 Qxc4 29. Bxb6 Rxe1 30. Rxe1 Rxc3 31. Bd8+ Kg7 32. Re7+ Kf8 33. Qf5+ Kg8 34. Qg6+ Kh8 35. Rh7# 1-0